Flagi państw, których nazwa ma 4 litery - Statystyki

Ogólne statystyki
  • Ten quiz został rozwiązany 10 485 razy
  • Średni wynik to 8 z 10
Statystyki odpowiedzi
Obrazkowy Odpowiedź % Poprawnych
Cypr
96%
Kuba
96%
Irak
94%
Iran
94%
Peru
90%
Laos
84%
Czad
80%
Oman
74%
Mali
73%
Togo
68%
Nie znaleziono quizów pasujących do podanych kryteriów
Rozkład punktacji
Procent ludzi z każdym wynikiem
Percentyl według liczby udzielonych odpowiedzi
Twoja historia wyników
Nie rozwiązałeś tego quizu